| 000 | 00482cam a2200205ua 4500 | ||
|---|---|---|---|
| 001 | 7199 | ||
| 008 | 141203n xxk |||gr||||Z||||||eng | ||
| 020 | _a9780199235940 | ||
| 040 | _cMAIN | ||
| 041 | _aeng | ||
| 082 | _a510 | ||
| 100 |
_aClapham, C., _eAuthor. |
||
| 245 | 1 |
_aMathematics _cBy Christopher Clapham |
|
| 250 | _a4th rev. | ||
| 260 |
_aNew York: _bOxford, _c2009. |
||
| 300 | _avii,498p. | ||
| 653 | _aMathematics | ||
| 700 |
_aNicholson, J., _eAuthor. |
||
| 942 | _cBK | ||
| 999 |
_c6324 _d6324 |
||